El teatro de Benito Pérez Galdós en Buenos Aires /

Gespeichert in:
Bibliographische Detailangaben
1. Verfasser: Dubatti, Jorge
Format: Unbekannt
Sprache:Spanish
Schlagworte:
Tags: Tag hinzufügen
Keine Tags, Fügen Sie den ersten Tag hinzu!

MARC

LEADER 000000000a22000000004500
001 006377
041 0 |a spa 
100 1 |a Dubatti, Jorge 
245 1 3 |a El teatro de Benito Pérez Galdós en Buenos Aires /   |c Jorge Dubatti. 
650 4 |a TEATRO ESPAÑOL 
650 4 |a PÉREZ GALDÓS, BENITO 
650 4 |a ANÁLISIS LITERARIO 
773 0 |d Argentina : Instituto de Filología y Literaturas Hispánicas  |t Filología  |g año 28, número 1-2 (1995), páginas 117-126 
942 |c ARC 
999 |c 12849  |d 12849